|
|
|
|
| LEADER |
00000nam a22000007a 4500 |
| 005 |
20120607140829.0 |
| 007 |
cr|||| |||| |
| 008 |
120607s2011 co ||||| |||| 00| 0 spa d |
| 020 |
|
|
|a 978-958-738-176-4
|
| 035 |
|
|
|a 6376
|
| 040 |
|
|
|a vLex
|
| 090 |
|
|
|c 3157
|d 3157
|
| 100 |
1 |
|
|a Dueąs Ruiz, Oscar Jos ̌
|
| 245 |
1 |
0 |
|a Lecciones de hermenǔtica jurd̕ica
|h [Recurso electrn̤ico] /
|c Oscar Jos ̌Dueąs Ruiz
|
| 256 |
|
|
|a Servicio en ln̕ea
|
| 260 |
|
|
|a Rosario :
|b Editorial Universidad de Rosario (Colombia),
|c 2011
|
| 300 |
|
|
|a 1 recurso electrn̤ico
|
| 506 |
1 |
|
|a Contenido solo disponible en los productos indicados
|d vLex Global
|d vLex Global (Academic Edition, excluding Law Schools)
|d vLex Global (U.S. Academic Edition, Law Schools)
|d vLex Global (U.S. Academic Edition, excluding Law Schools)
|d vLex Global (Academic Edition, Law Schools)
|
| 650 |
0 |
4 |
|a Hermenǔtica
|
| 740 |
0 |
|
|a vLex Libros (Servicio en ln̕ea)
|
| 856 |
4 |
0 |
|u http://vlex.com/source/lecciones-hermeneutica-juridica-6376
|z Acceso restringido
|
| 942 |
|
|
|c BOOK
|
| 999 |
0 |
|
|a Hermeneutics
|